| 000 | 00532nam a2200193Ia 4500 | ||
|---|---|---|---|
| 005 | 20260429112303.0 | ||
| 008 | 260429s9999||||xx |||||||||||||| ||und|| | ||
| 020 | _a9783031892981 | ||
| 041 | _aEnglish | ||
| 082 |
_a547 _bKRI |
||
| 100 | _aKrishnamoorthy, Sivakumar | ||
| 245 | 0 |
_aCyclodextrins for chemosensing / _cSivakumar Krishnamoorthy |
|
| 260 |
_aSwitzerland : _bSpringer, _c2025. |
||
| 300 | _axi, 374 p.; hb | ||
| 650 | _a Analytical chemistry | ||
| 650 | _a Chemosensors | ||
| 650 | _aCyclodextrins | ||
| 942 | _cTB | ||
| 999 |
_c53322 _d53322 |
||